[Event "Enniscrone Sligo-ch"]
[Site "Enniscrone"]
[Date "2024.02.04"]
[Round "4"]
[White "McDonnell, Odhran"]
[Black "Nielsen, Robert"]
[Result "1-0"]
[WhiteElo "1742"]
[BlackElo "1506"]
[PlyCount "91"]
[EventDate "2024.02.02"]
[EventType "swiss"]
[EventRounds "5"]
[EventCountry "IRL"]
[SourceTitle "CB08_2024"]
[SourceDate "2024.02.21"]
[SourceVersion "1"]
[SourceVersionDate "2024.02.21"]
[SourceQuality "1"]

1. d4 d5 2. c4 c6 3. Nf3 Nf6 4. Nc3 Bf5 5. Qb3 Qb6 6. Qxb6 axb6 7. cxd5 cxd5 8. Bf4 e6 9. a3 Kd7 10. Ne5+ Ke7 11. Rc1 Nc6 12. e3 Rc8 13. Na4 Na7 14. Rxc8 Nxc8 15. Be2 Nd7 16. 0-0 Nxe5 17. Bxe5 Bc2 18. Nc3 f6 19. Bg3 Nd6 20. Rc1 Bb3 21. Bxd6+ Kxd6 22. Nb5+ Kd7 23. Rc7+ Ke8 24. Rxb7 Ba4 25. Nc3 Bd7 26. Bb5 Bxb5 27. Nxb5 Be7 28. Rxb6 Kf7 29. g3 g5 30. Nc3 h5 31. h3 f5 32. Na4 h4 33. Kg2 g4 34. gxh4 gxh3+ 35. Kxh3 Rxh4+ 36. Kg3 Rg4+ 37. Kf3 Rg8 38. Nc5 e5 39. Nd7 exd4 40. Ne5+ Kg7 41. Rg6+ Kf8 42. Rxg8+ Kxg8 43. Nc6 d3 44. Nxe7+ Kf7 45. Nxd5 Ke6 46. Nf4+ 1-0

[Event "Enniscrone Sligo-ch"]
[Site "Enniscrone"]
[Date "2024.02.04"]
[Round "5"]
[White "Nielsen, Robert"]
[Black "Taaffe, Paul"]
[Result "0-1"]
[WhiteElo "1506"]
[BlackElo "1764"]
[PlyCount "116"]
[EventDate "2024.02.02"]
[EventType "swiss"]
[EventRounds "5"]
[EventCountry "IRL"]
[SourceTitle "CB08_2024"]
[SourceDate "2024.02.21"]
[SourceVersion "1"]
[SourceVersionDate "2024.02.21"]
[SourceQuality "1"]

1. e4 d5 2. exd5 Qxd5 3. d4 Nc6 4. Nf3 Bg4 5. Be2 0-0-0 6. c3 Nf6 7. 0-0 e5 8. c4 Qa5 9. d5 Bxf3 10. Bxf3 Nd4 11. Nc3 Qb4 12. Be2 c6 13. a3 Qb3 14. Qd3 cxd5 15. cxd5 Nxd5 16. Bd1 Qb6 17. Nxd5 Rxd5 18. Qe4 Qd6 19. Be3 f5 20. Qb1 g6 21. b4 Bg7 22. Ra2 Kb8 23. a4 Rd8 24. a5 Nb5 25. Bc5 Qd7 26. Ba4 Nc3 27. Qc2 Nxa4 28. Qxa4 Qxa4 29. Rxa4 e4 30. g3 Bd4 31. Be7 Rc8 32. Bg5 Rc2 33. a6 b5 34. Bf4+ Kc8 35. Ra3 Bb6 36. Rb3 Rd3 37. Rbb1 Rf3 38. Rbc1 Rfxf2 39. Rxf2 Bxf2+ 40. Kf1 Rxc1+ 41. Bxc1 Bd4 42. Bf4 Kd7 43. Ke2 Kc6 44. Kd2 Kb6 45. Kc2 Kxa6 46. Bd2 Kb6 47. h4 Kc6 48. Bf4 Bb6 49. Bd2 Kd5 50. Kc3 a5 51. Be1 a4 52. Bd2 Bd4+ 53. Kc2 Kc4 54. Bc1 Kxb4 55. Bd2+ Kc4 56. Bc1 b4 57. Bd2 b3+ 58. Kb1 a3 0-1

[Event "Enniscrone Sligo-ch"]
[Site "Enniscrone"]
[Date "2024.02.02"]
[Round "1"]
[White "O'Sullivan, Aidan"]
[Black "Nielsen, Robert"]
[Result "1-0"]
[WhiteElo "1611"]
[BlackElo "1506"]
[PlyCount "69"]
[EventDate "2024.02.02"]
[EventType "swiss"]
[EventRounds "5"]
[EventCountry "IRL"]
[SourceTitle "CB08_2024"]
[SourceDate "2024.02.21"]
[SourceVersion "1"]
[SourceVersionDate "2024.02.21"]
[SourceQuality "1"]

1. d4 d5 2. Nf3 Bf5 3. Bg5 h6 4. Bh4 Nf6 5. e3 e6 6. Nbd2 Be7 7. Ne5 0-0 8. f4 Ne4 9. Bxe7 Qxe7 10. Nxe4 Bxe4 11. c3 Nd7 12. Nxd7 Qxd7 13. Bd3 Bxg2 14. Rg1 Bh3 15. Qh5 Bf5 16. Qxh6 g6 17. Bxf5 exf5 18. Rg3 Rfe8 19. Rh3 Rxe3+ 20. Rxe3 Re8 21. Rxe8+ Qxe8+ 22. Kd2 Qb5 23. b3 c5 24. dxc5 Qxc5 25. Re1 Qb5 26. a4 Qd7 27. Re3 d4 28. Rh3 dxc3+ 29. Kxc3 Qc6+ 30. Kb2 Qf6+ 31. Ka2 Qd4 32. Qh7+ Kf8 33. Qh8+ Qxh8 34. Rxh8+ Ke7 35. Rb8 1-0

[Event "IRL-ch 100th First Week"]
[Site "Dublin"]
[Date "2021.07.25"]
[Round "5"]
[White "Nielsen, Robert"]
[Black "Allen Coghlan, Matthew"]
[Result "0-1"]
[WhiteElo "700"]
[BlackElo "700"]
[PlyCount "86"]
[EventDate "2021.07.23"]
[EventType "swiss"]
[EventRounds "5"]
[EventCountry "IRL"]
[SourceTitle "EXT 2022"]
[Source "ChessBase"]
[SourceDate "2021.10.06"]
[SourceVersion "1"]
[SourceVersionDate "2021.10.06"]
[SourceQuality "1"]

1. e4 c5 2. c3 Nc6 3. d4 cxd4 4. cxd4 e6 5. Nf3 Nf6 6. e5 Nd5 7. Nc3 Bb4 8. Bd2 Bxc3 9. bxc3 a6 10. c4 Nc7 11. Bg5 Ne7 12. d5 exd5 13. cxd5 Ncxd5 14. Qxd5 Nxd5 15. Bxd8 Kxd8 16. Bc4 Nb4 17. Ng5 Rf8 18. Nxh7 Re8 19. 0-0 Rxe5 20. Bxf7 Ke7 21. Bb3 d6 22. Rfe1 Bf5 23. Rxe5+ dxe5 24. Ng5 Kf6 25. Nf3 Rd8 26. Re1 e4 27. Nh4 Rd2 28. Nxf5 Kxf5 29. g4+ Kf4 30. Be6 Nd3 31. Rf1 Kf3 32. Rb1 Nf4 33. Bc8 Nh3+ 34. Kh1 Nxf2+ 35. Kg1 Nxg4 36. Bxg4+ Kxg4 37. Rxb7 g5 38. a4 e3 39. Re7 Kf3 40. Rf7+ Ke2 41. Rg7 Kd1 42. Re7 e2 43. Kf2 e1Q+ 0-1